01203nam a2200229 a 450000100100000000500170001000800410002702000180006804000250008610000410011124500650015226000440021730000170026150000320027850400700031095201200038095201200050095201200062095201050074095201110084599900170095600003928620250522115618.0130621s2013 dr 000 0 spa d a9789945410716 aDO-SdBNPbspacBNPHU1 aPérez, Mario Emilio,d1935-92218310aMujeriegos, chiviricas y pariguayos /cMario Emilio Pérez. aSanto Domingo :bLetragráfica,c2013. av. ;c23 cm. aLa biblioteca posee el v. 2 aIncluye datos biográficos del autor en la solapa de la cubierta 001054708DSaGRbGRcHDd2013-06-21iLF1l0o p39286-30r2020-06-25te. 3w2020-06-25yLFDSZPréstamo en sala 001054708DSaGRbGRcHDd2015-01-12iLF1l0o p39286-40r2020-06-25te. 4w2020-06-25yLFDSZPréstamo en sala 001054708DSaGRbGRcHDd2015-01-12iLF1l0o p39286-50r2020-06-25te. 5w2020-06-25yLFDSZPréstamo en sala 0010718PDaPDbPDcHDd2013-06-21iLF1l0o p39286-10r2020-06-25w2020-06-25yLFPDZNo se presta 0010718PDaPDbPDcHDd2013-06-21iLF1l0o p39286-20r2020-06-25te. 2w2020-06-25yLFPDZNo se presta c38776d38776